Radnica Čunovo

Uložené v:
Podrobná bibliografia
Hlavný autor: Halamová, Kristína (Autor)
Ďalší autori: Hronský, Michal (Vedúci práce)
Médium: Rukopis Kniha
Jazyk:Slovak
Vydavateľské údaje: Bratislava 2021
Predmet:
On-line prístup:http://is.stuba.sk/zp/portal_zp.pl?podrobnosti=139089
Tagy: Pridať tag
Žiadne tagy, Buďte prvý, kto otaguje tento záznam!

MARC

LEADER 00000ntm a22000003a 4500
001 stuzp84078
003 SK-STU
005 20220210103855.9
007 ta
008 150427s2015----xo-----f-mn---000-0-slo-d
040 |a STU  |b slo 
041 0 |a slo 
100 1 |a Halamová, Kristína  |u 055150  |4 aut  |U FAD Fakulta architektúry a dizajnu  |T FAD Ústav interiéru a výstavníctva  |X 88141  |U A5150  |Y 396  |7 88141 
242 0 1 |a Town Hall, Čunovo  |y eng 
245 1 0 |a Radnica Čunovo 
260 |c 2021  |a Bratislava 
650 4 |a radnica  |2 slo 
650 4 |a administratívna budova  |2 slo 
650 4 |a multifunkčná sála  |2 slo 
650 4 |a nádvorie  |2 slo 
650 4 |a a town hall  |2 eng 
650 4 |a an administrative building  |2 eng 
650 4 |a a multifunctional hall  |2 eng 
650 4 |a a countryard  |2 eng 
700 1 |a Hronský, Michal  |u 055150  |k Z1  |4 ths  |U FAD Fakulta architektúry a dizajnu  |T FAD Ústav interiéru a výstavníctva  |X 404  |U A5150  |Y 396  |7 A000000404 
856 4 |u http://is.stuba.sk/zp/portal_zp.pl?podrobnosti=139089  |u https://opac.crzp.sk/?fn=detailBiblioForm&sid=6327E39BEACEDA03090704820365